EDUCATIONAL TECHNOLOGY (Record no. 6814)

MARC details
000 -LEADER
fixed length control field 00316nam a2200133Ia 4500
008 - FIXED-LENGTH DATA ELEMENTS--GENERAL INFORMATION
fixed length control field 150301s2011 xx 000 0 und d
082 ## - DEWEY DECIMAL CLASSIFICATION NUMBER
Classification number 610.7
Item number E13K
100 ## - MAIN ENTRY--PERSONAL NAME
Personal name KUMAR, N
245 ## - TITLE STATEMENT
Title EDUCATIONAL TECHNOLOGY
260 ## - PUBLICATION, DISTRIBUTION, ETC. (IMPRINT)
Name of publisher, distributor, etc. A.I.T.B.S
Date of publication, distribution, etc. 2011
300 ## - PHYSICAL DESCRIPTION
Extent 446
650 ## - SUBJECT ADDED ENTRY--TOPICAL TERM
Topical term or geographic name as entry element EDUCATIONAL TECHNOLOGY
942 ## - ADDED ENTRY ELEMENTS (KOHA)
Source of classification or shelving scheme Dewey Decimal Classification
Koha item type Books
Koha issues (borrowed), all copies 2
Holdings
Withdrawn status Lost status Source of classification or shelving scheme Damaged status Not for loan Collection code Home library Current library Shelving location Date acquired Source of acquisition Cost, normal purchase price SGTU Bill Number Total Checkouts Full call number Barcode Date last seen Bill Date Koha item type Date last checked out
    Dewey Decimal Classification     NURSING SGT Medical Library SGT Medical Library Text Book 02/07/2015 ABC DELHI 195.00 SGTU 5533   610.7 E13K FN2721 02/07/2015 25/03/2015 Books  
    Dewey Decimal Classification     NURSING SGT Medical Library SGT Medical Library Text Book 02/07/2015 ABC DELHI 195.00 SGTU 5533 1 610.7 E13K FN2722 21/06/2017 25/03/2015 Books 19/06/2017
    Dewey Decimal Classification     NURSING SGT Medical Library SGT Medical Library Text Book 02/07/2015 ABC DELHI 195.00 SGTU 5533   610.7 E13K FN2723 02/07/2015 25/03/2015 Books  
    Dewey Decimal Classification     NURSING SGT Medical Library SGT Medical Library Text Book 02/07/2015 ABC DELHI 195.00 SGTU 5533 1 610.7 E13K FN2724 18/02/2022 25/03/2015 Books 18/02/2022
    Dewey Decimal Classification     NURSING SGT Medical Library SGT Medical Library Text Book 02/07/2015 ABC DELHI 195.00 SGTU 5533 2 610.7 E13K FN2725 18/02/2022 25/03/2015 Books 18/02/2022